00802nam a2200265 a 4500001001300000003000900013005001700022008004100039020002300080082001700103100002800120245004300148260004700191300000900238500003500247505001000282650001700292650002500309650002400334700002800358902000800386942000700394952011800401999001700519nice12345678IN_TiNIC20260116013802.0050524s1986 newa grp 000 0 eng  a081917X c62100a291.175bRAN aRandall, John Herman Jr aRole of Knowledge in Western Religion. aNew YorkbUniversity Press of Americc1986 a147p aincludes index and biblioraphy2 aIndex aEpistemology aReligion and Science aReligion-Philosophy1 aRandall, John Herman Jr bSRS cBK 001040708StackRoom-aHMIbHMId2007-07-18g621.00l0o291.175 RANp015050r2007-07-18v621.00w2005-05-24yBK c12491d12491